La route du lac (Record no. 5069)

MARC details
000 -CABECERA
campo de control de longitud fija 01161nam a22001937a 4500
008 - DATOS DE LONGITUD FIJA--INFORMACIÓN GENERAL
campo de control de longitud fija 251021b |||||||| |||| 00| 0 eng d
020 ## - NÚMERO INTERNACIONAL ESTÁNDAR DEL LIBRO
Número Internacional Estándar del Libro 9782372581219
040 ## - FUENTE DE LA CATALOGACIÓN
Centro/agencia transcriptor tbs
041 ## - CÓDIGO DE LENGUA
Código de lengua del texto/banda sonora o título independiente fre
100 ## - ENTRADA PRINCIPAL--NOMBRE DE PERSONA
Nombre de persona Massé, Xavier
Fechas asociadas al nombre 1977-
9 (RLIN) 26231
Término indicativo de función/relación author
245 ## - MENCIÓN DE TÍTULO
Título La route du lac
Mención de responsabilidad, etc. / Xavier Massé.
260 ## - PUBLICACIÓN, DISTRIBUCIÓN, ETC.
Lugar de publicación, distribución, etc. Peymeinade :
Nombre del editor, distribuidor, etc. Taurnada Éditions,
Fecha de publicación, distribución, etc. 2023.
300 ## - DESCRIPCIÓN FÍSICA
Extensión 279 pages ;
Dimensiones 18 cm.
490 ## - MENCIÓN DE SERIE
Mención de serie Le tourbillon des mots
520 ## - SUMARIO, ETC.
Sumario, etc. Blaches est un charmant village réputé pour sa tranquillité… Jusqu'au jour où, au lendemain d'une soirée, trois étudiants sont portés disparus. Que s'est-il passé cette nuit-là ? Que s'est-il passé sur l'unique route qui mène au lac ? Amis, voisins, connaissances… pour les enquêteurs, tous sont suspects. Bienvenue à Blaches.
520 ## - SUMARIO, ETC.
Sumario, etc. Blaches is a charming village known for its tranquility… until one day, after a party, three students go missing.<br/>What happened that night?<br/>What happened on the only road leading to the lake?<br/>Friends, neighbors, acquaintances—for the investigators, everyone is a suspect.<br/>Welcome to Blaches.
650 #0 - PUNTO DE ACCESO ADICIONAL DE MATERIA--TÉRMINO DE MATERIA
Término de materia o nombre geográfico como elemento de entrada Detective and mystery fiction
9 (RLIN) 11612
942 ## - ELEMENTOS DE ENTRADA AGREGADA (KOHA)
Fuente del sistema de clasificación o colocación Clasificación de Library of Congress
Holdings
Estado de retiro Estado de pérdida Fuente del sistema de clasificación o colocación Estado dañado No para préstamo Biblioteca de origen Biblioteca actual Fecha de adquisición Total de préstamos Signatura topográfica completa Código de barras Fecha visto por última vez Número de copia Precio válido a partir de Tipo de ítem Koha
    Clasificación de Library of Congress     TBS Barcelona TBS Barcelona 21/10/2025   P-FR MAS B05720 21/10/2025 1 21/10/2025 Book

Powered by Koha